<?xml version="1.0" encoding="UTF-8"?>
<record
    xmlns:xsi="http://www.w3.org/2001/XMLSchema-instance"
    xsi:schemaLocation="http://www.loc.gov/MARC21/slim http://www.loc.gov/standards/marcxml/schema/MARC21slim.xsd"
    xmlns="http://www.loc.gov/MARC21/slim">

  <leader>00613nam a22001577a 4500</leader>
  <controlfield tag="003">OSt</controlfield>
  <controlfield tag="005">20150923141712.0</controlfield>
  <controlfield tag="008">150923b        xxu||||| |||| 00| 0 eng d</controlfield>
  <datafield tag="040" ind1=" " ind2=" ">
    <subfield code="c">RUA</subfield>
  </datafield>
  <datafield tag="082" ind1=" " ind2=" ">
    <subfield code="a">AGR PHE 2010 B046 Or.1</subfield>
  </datafield>
  <datafield tag="100" ind1=" " ind2=" ">
    <subfield code="9">1187</subfield>
    <subfield code="a">PHEAP, SAMBO</subfield>
  </datafield>
  <datafield tag="245" ind1=" " ind2=" ">
    <subfield code="a">Effect of direct seeding mulch-based cropping system on nitrogen content in the soil &#x17A5;&#x1791;&#x17D2;&#x1791;&#x17B7;&#x1796;&#x179B;&#x1794;&#x17D2;&#x179A;&#x1796;&#x17D0;&#x1793;&#x17D2;&#x1792;&#x178A;&#x17B6;&#x17C6;&#x178A;&#x17BB;&#x17C7;&#x179B;&#x17BE;&#x178A;&#x17C6;&#x178E;&#x17B6;&#x17C6;&#x1782;&#x1798;&#x17D2;&#x179A;&#x1794;&#x178A;&#x17B8;&#x179B;&#x17BE;&#x1794;&#x179A;&#x17B7;&#x1798;&#x17B6;&#x178E;&#x17A2;&#x17B6;&#x179F;&#x17BC;&#x178F;&#x1780;&#x17D2;&#x1793;&#x17BB;&#x1784;&#x178A;&#x17B8;</subfield>
  </datafield>
  <datafield tag="260" ind1=" " ind2=" ">
    <subfield code="a">Phnom Penh</subfield>
    <subfield code="b">RUA</subfield>
    <subfield code="c">2010</subfield>
  </datafield>
  <datafield tag="300" ind1=" " ind2=" ">
    <subfield code="a">ix, 40p.</subfield>
    <subfield code="b">ill.</subfield>
    <subfield code="c">29cm.</subfield>
  </datafield>
  <datafield tag="942" ind1=" " ind2=" ">
    <subfield code="2">ddc</subfield>
    <subfield code="c">AGR</subfield>
  </datafield>
  <datafield tag="999" ind1=" " ind2=" ">
    <subfield code="c">1131</subfield>
    <subfield code="d">1131</subfield>
  </datafield>
  <datafield tag="952" ind1=" " ind2=" ">
    <subfield code="0">0</subfield>
    <subfield code="1">0</subfield>
    <subfield code="2">ddc</subfield>
    <subfield code="4">0</subfield>
    <subfield code="6">AGR_PHE_2010_000000000000000_B046_OR_1</subfield>
    <subfield code="7">0</subfield>
    <subfield code="9">4633</subfield>
    <subfield code="a">LBB</subfield>
    <subfield code="b">LBB</subfield>
    <subfield code="c">B046</subfield>
    <subfield code="d">2015-09-23</subfield>
    <subfield code="l">2</subfield>
    <subfield code="o">AGR PHE 2010 B046 Or.1</subfield>
    <subfield code="p">RUA006262</subfield>
    <subfield code="r">2018-03-27</subfield>
    <subfield code="s">2018-03-06</subfield>
    <subfield code="w">2015-09-23</subfield>
    <subfield code="y">AGR</subfield>
  </datafield>
  <datafield tag="952" ind1=" " ind2=" ">
    <subfield code="0">0</subfield>
    <subfield code="1">0</subfield>
    <subfield code="2">ddc</subfield>
    <subfield code="4">0</subfield>
    <subfield code="6">AGR_PHE_2010_000000000000000_B046_OR_2</subfield>
    <subfield code="7">0</subfield>
    <subfield code="9">4634</subfield>
    <subfield code="a">LBB</subfield>
    <subfield code="b">LBB</subfield>
    <subfield code="c">B046</subfield>
    <subfield code="d">2015-09-23</subfield>
    <subfield code="l">1</subfield>
    <subfield code="o">AGR PHE 2010 B046 Or.2</subfield>
    <subfield code="p">RUA006118</subfield>
    <subfield code="r">2016-02-16</subfield>
    <subfield code="s">2016-02-05</subfield>
    <subfield code="w">2015-09-23</subfield>
    <subfield code="y">AGR</subfield>
  </datafield>
  <datafield tag="952" ind1=" " ind2=" ">
    <subfield code="0">0</subfield>
    <subfield code="1">0</subfield>
    <subfield code="2">ddc</subfield>
    <subfield code="4">0</subfield>
    <subfield code="6">AGR_PHE_2010_000000000000000_B046_OR_3</subfield>
    <subfield code="7">0</subfield>
    <subfield code="9">4635</subfield>
    <subfield code="a">LBB</subfield>
    <subfield code="b">LBB</subfield>
    <subfield code="c">B046</subfield>
    <subfield code="d">2015-09-23</subfield>
    <subfield code="l">9</subfield>
    <subfield code="m">1</subfield>
    <subfield code="o">AGR PHE 2010 B046 Or.3</subfield>
    <subfield code="p">RUA020236</subfield>
    <subfield code="r">2024-12-02</subfield>
    <subfield code="s">2024-11-20</subfield>
    <subfield code="w">2015-09-23</subfield>
    <subfield code="y">AGR</subfield>
  </datafield>
  <datafield tag="952" ind1=" " ind2=" ">
    <subfield code="0">0</subfield>
    <subfield code="1">0</subfield>
    <subfield code="2">ddc</subfield>
    <subfield code="4">0</subfield>
    <subfield code="6">AGR_PHE_2010_000000000000000_B046_OR_4</subfield>
    <subfield code="7">0</subfield>
    <subfield code="9">4636</subfield>
    <subfield code="a">LBB</subfield>
    <subfield code="b">LBB</subfield>
    <subfield code="c">B046</subfield>
    <subfield code="d">2015-09-23</subfield>
    <subfield code="l">3</subfield>
    <subfield code="o">AGR PHE 2010 B046 Or.4</subfield>
    <subfield code="p">RUA006281</subfield>
    <subfield code="r">2022-10-31</subfield>
    <subfield code="s">2022-10-11</subfield>
    <subfield code="w">2015-09-23</subfield>
    <subfield code="y">AGR</subfield>
  </datafield>
  <datafield tag="952" ind1=" " ind2=" ">
    <subfield code="0">0</subfield>
    <subfield code="1">0</subfield>
    <subfield code="2">ddc</subfield>
    <subfield code="4">0</subfield>
    <subfield code="6">AGR_PHE_2010_000000000000000_B046_OR_5</subfield>
    <subfield code="7">0</subfield>
    <subfield code="9">4637</subfield>
    <subfield code="a">LBB</subfield>
    <subfield code="b">LBB</subfield>
    <subfield code="c">B046</subfield>
    <subfield code="d">2015-09-23</subfield>
    <subfield code="l">4</subfield>
    <subfield code="m">1</subfield>
    <subfield code="o">AGR PHE 2010 B046 Or.5</subfield>
    <subfield code="p">RUA006785</subfield>
    <subfield code="r">2022-05-27</subfield>
    <subfield code="s">2022-04-06</subfield>
    <subfield code="w">2015-09-23</subfield>
    <subfield code="y">AGR</subfield>
  </datafield>
</record>
